Geschlecht und soziale Ungleichheit: Konstellationen der Frauenbenachteiligung
| Autor principal: | |
|---|---|
| Tipo de documento: | Print Libro |
| Lenguaje: | Alemán |
| Publicado: |
Opladen
Leske + Budrich
2000
|
| En: | Año: 2000 |
| Acceso en línea: |
Portada Portada Índice Índice |
| Disponibilidad en Tübingen: | Disponible en Tübingen. IFK: B III 187 |
| Verificar disponibilidad: | HBZ Gateway |
| Servicio de pedido Subito: | Pedir ahora. |
| Palabras clave: |
MARC
| LEADER | 00000cam a2200000 c 4500 | ||
|---|---|---|---|
| 001 | 309745357 | ||
| 003 | DE-627 | ||
| 005 | 20260206193956.0 | ||
| 007 | tu | ||
| 008 | 000210s2000 gw ||||| 00| ||ger c | ||
| 015 | |a 00,N19,0132 |2 dnb | ||
| 015 | |a 00,A31,0237 |2 dnb | ||
| 016 | 7 | |a 958863784 |2 DE-101 | |
| 020 | |a 9783810026668 |c : ca. DM 58.00 |9 978-3-8100-2666-8 | ||
| 020 | |a 3810026662 |c : ca. DM 58.00 |9 3-8100-2666-2 | ||
| 024 | 3 | |a 9783810026668 | |
| 035 | |a (DE-627)309745357 | ||
| 035 | |a (DE-603)091113938 | ||
| 035 | |a (DE-576)082784469 | ||
| 035 | |a (DE-599)GBV309745357 | ||
| 035 | |a (OCoLC)237374826 | ||
| 035 | |a (OCoLC)237374826 | ||
| 035 | |a (OCoLC)47790692 | ||
| 035 | |a (AT-OBV)AC02984059 | ||
| 035 | |a (DE-604)8131283413 | ||
| 040 | |a DE-627 |b ger |c DE-627 |e rakwb | ||
| 041 | |a ger | ||
| 044 | |c XA-DE | ||
| 050 | 0 | |a HQ1237 | |
| 084 | |a 14 |2 sdnb | ||
| 084 | |a MS 2850 |q BSZ |2 rvk |0 (DE-625)rvk/123647: | ||
| 084 | |a MS 3200 |q BSZ |2 rvk |0 (DE-625)rvk/123676: | ||
| 084 | |a 71.31 |2 bkl | ||
| 084 | |a 71.12 |2 bkl | ||
| 090 | |a a | ||
| 100 | 1 | |a Cyba, Eva |d 1943- |0 (DE-588)131385402 |0 (DE-627)508500230 |0 (DE-576)165355085 |4 aut | |
| 109 | |a Cyba, Eva 1943- | ||
| 245 | 1 | 0 | |a Geschlecht und soziale Ungleichheit |b Konstellationen der Frauenbenachteiligung |c Eva Cyba |
| 264 | 1 | |a Opladen |b Leske + Budrich |c 2000 | |
| 300 | |a 298 S. |c 21 cm | ||
| 336 | |a Text |b txt |2 rdacontent | ||
| 337 | |a ohne Hilfsmittel zu benutzen |b n |2 rdamedia | ||
| 338 | |a Band |b nc |2 rdacarrier | ||
| 500 | |a Literaturverz. S. 275 - 298 | ||
| 505 | 8 | |a Literaturverz. S. 275 - 298 | |
| 505 | 8 | |a Literaturverz. S. 275 - 298 | |
| 650 | 4 | |a Feminism | |
| 650 | 4 | |a Sex discrimination against women | |
| 650 | 4 | |a Frauenforschung | |
| 650 | 4 | |a Frauen | |
| 650 | 4 | |a Geschlechtsunterschied | |
| 650 | 4 | |a Soziale Ungleichheit | |
| 650 | 4 | |a Soziale Klasse | |
| 650 | 4 | |a Theorie, Analyse, Geschlechterdiskriminierung, soziale Ungleichheit, Abwertung, Konservatismus, Ausbeutung, Beziehung, Patriarchat, Interaktion, Prozess, Reproduktionsverfahren | |
| 689 | 0 | 0 | |d s |0 (DE-588)4055736-4 |0 (DE-627)104270470 |0 (DE-576)209115173 |a Soziale Ungleichheit |2 gnd |
| 689 | 0 | 1 | |d s |0 (DE-588)4018202-2 |0 (DE-627)104270705 |0 (DE-576)208923209 |a Frau |2 gnd |
| 689 | 0 | 2 | |d s |0 (DE-588)4274816-1 |0 (DE-627)104459549 |0 (DE-576)210709820 |a Unterprivilegierung |2 gnd |
| 689 | 0 | |5 DE-101 | |
| 776 | 1 | |z 9783322974716 | |
| 856 | 4 | 2 | |u http://www.gbv.de/dms/hebis-darmstadt/toc/91113938.pdf |m V:DE-603 |m B:DE-17 |q pdf/application |x Verlag |y Inhaltsverzeichnis |3 Inhaltsverzeichnis |7 1 |
| 856 | 4 | 2 | |u https://swbplus.bsz-bw.de/bsz082784469cov.jpg |m V:DE-576 |m X:springer |q image/jpeg |v 20140212102806 |3 Cover |7 1 |
| 856 | 4 | 2 | |u http://scans.hebis.de/HEBCGI/show.pl?09111393_toc.pdf |m V:DE-603;B:DE-17 |q application/pdf |3 Inhaltsverzeichnis |7 1 |
| 856 | 4 | 2 | |u http://scans.hebis.de/HEBCGI/show.pl?09111393_cov.jpg |m V:DE-576;X:springer |q image/jpeg |3 Cover |7 1 |
| 935 | |i sf | ||
| 935 | |i Blocktest | ||
| 935 | |h HEB |i 0501 | ||
| 935 | |h HEB |i 0503 | ||
| 936 | r | v | |a MS 2850 |b Geschlechterrolle und Sexualverhalten |k Soziologie |k Spezielle Soziologien |k Soziologische Geschlechterforschung (Gender Studies) |k Geschlechterrolle und Sexualverhalten |0 (DE-627)1271156059 |0 (DE-625)rvk/123647: |0 (DE-576)201156059 |
| 936 | r | v | |a MS 3200 |b Kategorie Geschlecht und Recht, Gleichberechtigung, Diskriminierung (Intersektionalität, Mehrfachdiskriminierung) |k Soziologie |k Spezielle Soziologien |k Soziologische Geschlechterforschung (Gender Studies) |k Spezielle Forschungsgebiete der soziologischen Geschlechterforschung |k Kategorie Geschlecht und Recht, Gleichberechtigung, Diskriminierung (Intersektionalität, Mehrfachdiskriminierung) |0 (DE-627)1271304457 |0 (DE-625)rvk/123676: |0 (DE-576)201304457 |
| 936 | b | k | |a 71.31 |j Geschlechter und ihr Verhalten |0 (DE-627)106412655 |
| 936 | b | k | |a 71.12 |j Soziale Stratifikation |j soziale Mobilität |0 (DE-627)106418343 |
| 936 | s | n | |a m200 |2 mzub |
| 951 | |a BO | ||
| ELC | |b 1 | ||
| LOK | |0 000 xxxxxcx a22 zn 4500 | ||
| LOK | |0 001 3133197797 | ||
| LOK | |0 003 DE-627 | ||
| LOK | |0 004 309745357 | ||
| LOK | |0 005 20020411000000 | ||
| LOK | |0 008 020308||||||||||||||||ger||||||| | ||
| LOK | |0 040 |a DE-21-110 |c DE-627 |d DE-21-110 | ||
| LOK | |0 852 |a DE-21-110 | ||
| LOK | |0 852 1 |c B III 187 |m p |9 00 | ||
| LOK | |0 935 |a k110 | ||
| LOK | |0 936ln |a 11.1.4 | ||
| LOK | |0 938 |k p | ||
| LOK | |0 939 |a 08-03-02 |b l01 | ||
| ORI | |a SA-MARC-krimdoka001.raw | ||
| SIG | |a IFK: B III 187 | ||
